| 000 | 00404nam a22001097a 4500 | ||
|---|---|---|---|
| 008 | 230612b xxu||||| |||| 00| 0 eng d | ||
| 082 |
_a352.4908 _bKEN |
||
| 245 |
_a2005/2006 Supplementary Estimates (Recurrent Expenditure) _bEstimate of Further Sums Required to be Voted for the Service of the Year Ending 30th June 2006 |
||
| 260 |
_aNairobi _bGovernment of Kenya _c2006 |
||
| 300 | _a512 p | ||
| 942 |
_2ddc _cBK |
||
| 999 |
_c1038 _d1038 |
||